How many episodes each character of the walking dead have been in - Statistics

General Stats
  • This quiz has been taken 13 times
  • The average score is 13 of 30
Answer Stats
Number of
episode
Answer % Correct
175 episodes Daryl Dixon
100%
121 episodes Rick Grimes
100%
109 episodes Carl Grimes
83%
174 episodes Carol Peletier
83%
144 episodes Maggie Rhee / Maggie Greene
83%
81 episodes Glenn Rhee
67%
126 episodes Michonne
67%
95 episodes Negan
67%
116 episodes Aaron
50%
83 episodes Ezekiel
50%
38 episodes Hershel Greene
50%
76 episodes Jerry
50%
53 episodes Judith Grimes : Cailey Fleming version
50%
38 episodes Abraham Ford
33%
55 episodes Alden
33%
50 episodes Beth Greene
33%
50 episodes Enid
33%
54 episodes Lydia
33%
52 episodes Morgan Jones
33%
130 episodes Rosita Espinosa
33%
70 episodes Sasha Williams
33%
87 episodes Tara Chambler
33%
56 episodes Connie
17%
36 episodes Dwight
17%
130 episodes Eugene Porter
17%
125 episodes Gabriel Stokes
17%
56 episodes Magna
17%
45 episodes Paul 'Jesus' Rovia
17%
58 episodes Yumiko
17%
36 episodes Dianne
0%
No matching quizzes found
Score Distribution
Percent of People with Each Score
Percentile by Number Answered
Your Score History
You have not taken this quiz